|
|
|
|
| LEADER |
00000nab a2200000 a 4500 |
| 001 |
vtls000683877 |
| 003 |
SK-MaSNL |
| 005 |
20260302181114.0 |
| 008 |
180206c1999 xo 0 slo |
| 015 |
|
|
|a SNBRB1999/01-02280
|
| 035 |
|
|
|a CLN000036044
|
| 040 |
|
|
|a SNKBUCL
|b slo
|c SNKBUCL
|e AACR2
|
| 041 |
0 |
|
|a slo
|
| 044 |
|
|
|a xo
|c SK
|
| 080 |
|
|
|a 657.422.1:681.171:681.322
|2 UDC-MRF-SK2
|
| 080 |
|
|
|a 681.171:681.322
|2 UDC-MRF-SK2
|
| 080 |
|
|
|a 681.322
|2 UDC-MRF-SK2
|
| 080 |
|
|
|a 351.824.5
|2 UDC-MRF-SK2
|
| 245 |
0 |
0 |
|a Elektronické registračné pokladnice a koniec roka
|
| 650 |
0 |
7 |
|a pokladnice registračné elektronické
|x tržby
|x evidencia
|2 snkbucl
|9 866616
|
| 650 |
0 |
7 |
|a tržby
|2 snkbucl
|9 15495
|
| 655 |
|
7 |
|a články z novín a časopisov
|2 snkbucl
|9 267496
|
| 773 |
0 |
|
|x 1335-0897
|t Daňový a účtovný poradca podnikateľa
|g Č. 1 (1999), s. 95-110
|
| 850 |
|
|
|a Slovenská národná knižnica v Martine
|
| 852 |
|
|
|a SNK
|b KIS3GCP
|
| 958 |
|
|
|a RBX
|
| 999 |
|
|
|c 1412939
|d 1414869
|